WorkerBoi Characters - Statistics

General Stats
  • This quiz has been taken 8 times
  • The average score is 33 of 55
Answer Stats
Picture Answer % Correct
Amazon
100%
American Broadcasting Company
100%
Barnes
83%
Blockbuster
83%
British Broadcasting Company
83%
Burger King
83%
Coca-Cola
83%
D.E. Shaw & Co.
83%
Disney
83%
Fanta
83%
Fox Broadcasting Company
83%
Fox News
83%
Drugstore.com
67%
Google
67%
HarperCollins Publishers LLC
67%
Home Box Office
67%
Hulu
67%
Incogni
67%
Instagram
67%
McDonald's
67%
Metro-Goldwyn-Mayer
67%
Mickey Mouse
67%
National Broadcasting Company
67%
Netflix
67%
News Corp
67%
New York Post
67%
Noble
67%
Pepsi
67%
Russia
67%
Taco Bell
67%
TikTok
67%
Twitter
67%
United States
67%
Walmart
67%
Warner Bros.
67%
Wendy's
67%
WorkerBoi 365
67%
WorkerGirl 324
67%
Yahoo!
67%
YouTube
67%
Elon Musk
50%
Popeye the Sailor
50%
Porky Pig
50%
Surfshark VPN
50%
The Wall Street Journal
50%
TMZ
50%
Snow White
33%
Buzzfeed
17%
Norwegian Broadcasting Company
17%
Rupert Murdoch
17%
Tom Cat
17%
TypeAI: AI Keyboard & Writer
17%
Academy Awards
0%
Fleischer Studios
0%
Verified Parody Accounts
0%
No matching quizzes found
Score Distribution
Percent of People with Each Score
Percentile by Number Answered
Your Score History
You have not taken this quiz